000 00405 a2200145 4500
999 _c1700
_d1700
020 _a8176485853
050 _aLA 173 HAS 2004
100 _aSiddiqui,Mujibul Hasan
_eauthor
245 _aTechnology in higher education /
_cMujibul Hasan, Siddiqui
264 _aNew Delhi;
_bA P H Publishing,
_c2004
300 _a354p. :
500 _aIncludes index
650 _atechnology
942 _2lcc
_cBK
_h173
_iHAS
_kLA